Soil, stream sediment, flora and fauna study of the Mopani Mufulira Mine site (Record no. 57853)

MARC details
000 -LEADER
fixed length control field 00735nam a2200145 a 4500
008 - FIXED-LENGTH DATA ELEMENTS--GENERAL INFORMATION
fixed length control field 150817s2014 ||||||||||||||||| || u
050 ## - LIBRARY OF CONGRESS CALL NUMBER
Classification number CBU(02)2014/1
110 ## - MAIN ENTRY--CORPORATE NAME
Corporate name or jurisdiction name as entry element Copperbelt University, School of Mines and Mineral Science, Mining Engineering Department
245 10 - TITLE STATEMENT
Title Soil, stream sediment, flora and fauna study of the Mopani Mufulira Mine site
Statement of responsibility, etc. by Copperbelt University (CBU)
260 ## - PUBLICATION, DISTRIBUTION, ETC.
Place of publication, distribution, etc. Kitwe:
Name of publisher, distributor, etc. Copperbelt University (CBU)
Date of publication, distribution, etc. 2014
300 ## - PHYSICAL DESCRIPTION
Extent 33p.: ill.
650 ## - SUBJECT ADDED ENTRY--TOPICAL TERM
Topical term or geographic name entry element COPPERBELT UNIVERSITY, MOPANI COPPER MINES PLC--RESEARCH
650 ## - SUBJECT ADDED ENTRY--TOPICAL TERM
Topical term or geographic name entry element CBU, MINING ENGINEERING DEPARTMENT--RESEARCH
995 ## - RECOMMENDATION 995 [LOCAL, UNIMARC FRANCE]
-- CBU-MAIN LIBRARY (Kitwe)
-- 1
-- AVAILABLE
-- Aug 20, 2015
-- International Publications
Holdings
Withdrawn status Lost status Source of classification or shelving scheme Damaged status Not for loan Home library Current library Shelving location Date acquired Total Checkouts Full call number Barcode Date last seen Price effective from Koha item type
          CBU-MAIN LIBRARY, KITWE. CBU-MAIN LIBRARY, KITWE.   11/30/2022   CBU(02)2014/1 B1955 11/30/2022 11/30/2022 MONOGRAPH